Κατάλογος Βιβλιοθηκών Mediterranean College

Δημιουργικές Παρουσιάσεις / Microsoft Powerpoint: Διαφάνειες - Εμφάνιση - Εφέ - Κίνηση (Record no. 1992)

MARC details
000 -LEADER
fixed length control field 01288cam a22001814a 4500
005 - ΗΜΕΡΟΜΗΝΙΑ ΚΑΙ ΩΡΑ ΤΕΛΕΥΤΑΙΑΣ ΕΝΗΜΕΡΩΣΗΣ
Πεδίο ελέγχου 20250605164025.0
008 - FIXED-LENGTH DATA ELEMENTS--GENERAL INFORMATION
Πεδίο ελέγχου σταθερού μήκους 250528s ||||||||||||||||||||||||d
035 ## - SYSTEM CONTROL NUMBER
System control number 16498
040 ## - ΠΗΓΗ ΚΑΤΑΛΟΓΟΓΡΑΦΗΣΗΣ
Φορέας πρωτότυπης καταλογογράφησης MC Athens Campus Library
Γλώσσα καταλογογράφησης Ελληνικά, Μοντέρνα (1453-)
Modifying agency MC Athens Campus Library
Κανόνες περιγραφικής καταλογογράφησης AACR2
245 1# - ΤΙΤΛΟΣ ΚΑΙ ΔΗΛΩΣΗ ΥΠΕΥΘΥΝΟΤΗΤΑΣ
Τίτλος Δημιουργικές Παρουσιάσεις / Microsoft Powerpoint: Διαφάνειες - Εμφάνιση - Εφέ - Κίνηση
260 ## - PUBLICATION, DISTRIBUTION, ETC.
Name of publisher, distributor, etc. Ημερησία Α.Ε,
Date of publication, distribution, etc. 2007
300 ## - PHYSICAL DESCRIPTION
Extent 152
520 ## - SUMMARY, ETC.
Summary, etc. Μάθετε βήμα βήμα πως να δίνετε το καταλληλότερο ύφος στα περιεχόμενα της παρουσίασης σας και ζωντανά στα έγγραφα σας με ειδικά εφέ καθώς και εφέ κίνησης. Πρακτικός Οδηγός με Εικόνες. Εισαγωγή, Σχεδιασμός μιας Παρουσίασης, Πρώτα Βήματα, Διαχείριση Διαφανειών, Εισαγωγή Κειμένου, Εισαγωγή και Χειρισμός Γραφικών, Εφέ Κίμησης και Ήχοι και Ταινίες, Προβολή και Εκτύπωση μιας Παρουσίασης, Αναλυτικό Ευρετήριο.
700 1# - ΠΡΟΣΘΕΤΗ ΑΝΑΓΡΑΦΗ--ΦΥΣΙΚΟ ΠΡΟΣΩΠΟ
Personal name Vaccaro Silvia
9 (RLIN) 2593
942 ## - ADDED ENTRY ELEMENTS (KOHA)
Koha item type Books
Holdings
Τύπος τεκμηρίου Βιβλιοθήκη Τρέχουσα τοποθεσία Barcode Αριθμός εισαγωγής Ημερομηνία απόκτησης Ταξιθετικό σύμβολο Αριθμός αντιτύπου Κατάσταση απόσυρσης Κατάσταση χαμένου Κατάσταση κατεστραμμένου Μη δανεισμός Σύνολο δανεισμών Ημερομηνία τελευταίας εμφάνισης Η τιμή ισχύει από
Books MC Athens Campus Library MC Athens Campus Library 9780000019912 4203 05/06/2025 006.6869 VAC 1           05/06/2025 05/06/2025

MC Athens Campus Library
Πατησίων 94 & Κοδριγκτώνος 13, 104 34
Πελλήνης 8 & Πατησίων 107, 112 51
Τ: +30 210 8899600

MC Thessaloniki Campus Library
Ίωνος Δραγούμη 21, 54625 | Ίωνος Δραγούμη 15, 54625
Τ: +30 2310 287779 – Τ: +30 2314 440300